Catalog

Record Details

Catalog Search



Available copies

  • 3 of 3 copies available at LARL/NWRL Consortium. (Show)
  • 3 of 3 copies available at Northwest Regional Library.

Current holds

0 current holds with 3 total copies.

Show Only Available Copies
Location Call Number / Copy Notes Barcode Shelving Location Status Due Date
Godel Memorial-Warren Library e BIG (Text) 35500005357270 Main Available -
Roseau Public Library e BIG (Text) 35500005357130 Main Available -
Thief River Falls Public Library e BIG (Text) 35500005357262 Main Available -

Record details

  • ISBN: 9780307931313 (hardback)
  • ISBN: 0307931315 (hardback)
  • Physical Description: 64 pages : color illustrations ; 29 cm.
  • Publisher: New York : Golden Books, 2014

Content descriptions

General Note:
"Based on the Railway series by the Reverend W. Awdry."
Summary, etc.:
An illustrated guidebook shares facts about the ... Read More
Subject: Railroad trains > Jucenile fiction.
LDR 01566cam a2200397Mi 4500
001162593
003LARL_NWRL_CONSORTIUM
00520140218172621.0
008131217s2014 nyua j 000 1 eng d
020 . ‡a9780307931313 (hardback)
020 . ‡a0307931315 (hardback)
035 . ‡a(OCoLC)866984689
049 . ‡aNRGK
08204. ‡a[E] ‡223
24504. ‡aThe big book of engines.
260 . ‡aNew York : ‡bGolden Books, ‡c2014
300 . ‡a64 pages : ‡bcolor illustrations ; ‡c29 cm.
336 . ‡atext ‡2rdacontent
336 . ‡astill image ‡2rdacontent
337 . ‡aunmediated ‡2rdamedia
338 . ‡avolume ‡2rdacarrier
4900 . ‡aThomas & friends
4900 . ‡aBig golden book
500 . ‡a"Based on the Railway series by the Reverend W. Awdry."
520 . ‡aAn illustrated guidebook shares facts about the island of Sodor's most popular engines, trucks, buses, and cranes.
650 0. ‡aRailroad trains ‡vJucenile fiction.
7001 . ‡aAwdry, W. ‡tRailway series. ‡0(LARL_NWRL_CONSORTIUM)90897
901 . ‡a162593 ‡bOCLC ‡c162593 ‡tbiblio

Additional Resources